LEADER 01835oam 2200565 450 001 9910713911603321 005 20210323134410.0 035 $a(CKB)5470000002506551 035 $a(OCoLC)761112516$z(OCoLC)1204625615 035 $a(OCoLC)995470000002506551 035 $a(EXLCZ)995470000002506551 100 $a20111115j196904 ua 0 101 0 $aeng 135 $aur||||||||||| 181 $ctxt$2rdacontent 182 $cc$2rdamedia 183 $acr$2rdacarrier 200 10$aEffects of cloud cover on selection of recovery sites for future earth orbital missions /$fby Paul F. Holloway 210 1$aWashington, D.C. :$cNational Aeronautics and Space Administration,$dApril 1969. 215 $a1 online resource (19 pages) $cillustrations, maps 225 1 $aNASA technical note ;$vNASA TN D-5120 300 $a"April 1969." 320 $aIncludes bibliographical references (page 19). 606 $aArtificial satellites$xOrbits 606 $aCloud physics 606 $aCloud cover$2nasat 606 $aCloud physics$2fast 606 $aArtificial satellites$xOrbits$2fast 615 0$aArtificial satellites$xOrbits. 615 0$aCloud physics. 615 7$aCloud cover. 615 7$aCloud physics. 615 7$aArtificial satellites$xOrbits. 700 $aHolloway$b Paul F.$01403039 712 02$aUnited States.$bNational Aeronautics and Space Administration, 712 02$aLangley Research Center. 801 0$bOCLCE 801 1$bOCLCE 801 2$bOCLCQ 801 2$bOCLCF 801 2$bCOP 801 2$bGPO 801 2$bNJT 801 2$bOCLCO 801 2$bOCL 801 2$bGPO 906 $aBOOK 912 $a9910713911603321 996 $aEffects of cloud cover on selection of recovery sites for future earth orbital missions$93474788 997 $aUNINA LEADER 03738nam 2200721 a 450 001 9910781511103321 005 20230725050913.0 010 $a1-283-39953-9 010 $a9786613399533 010 $a3-11-023867-5 024 7 $a10.1515/9783110238679 035 $a(CKB)2550000000041682 035 $a(EBL)737004 035 $a(OCoLC)743693628 035 $a(SSID)ssj0000530358 035 $a(PQKBManifestationID)11339102 035 $a(PQKBTitleCode)TC0000530358 035 $a(PQKBWorkID)10567592 035 $a(PQKB)10438659 035 $a(MiAaPQ)EBC737004 035 $a(WaSeSS)Ind00010078 035 $a(DE-B1597)123277 035 $a(OCoLC)747679646 035 $a(OCoLC)753969773 035 $a(DE-B1597)9783110238679 035 $a(Au-PeEL)EBL737004 035 $a(CaPaEBR)ebr10485465 035 $a(CaONFJC)MIL339953 035 $a(EXLCZ)992550000000041682 100 $a20110107d2011 uy 0 101 0 $aeng 135 $aur|n|---||||| 181 $ctxt 182 $cc 183 $acr 200 00$aDiscursive approaches to politeness$b[electronic resource] /$fedited by Linguistic Politeness Research Group 210 $aBerlin ;$aNew York $cDe Gruyter Mouton$d2011 215 $a1 online resource (284 p.) 225 1 $aMouton series in pragmatics,$x1864-6409 ;$v8 300 $aDescription based upon print version of record. 311 $a3-11-023866-7 320 $aIncludes bibliographical references and index. 327 $t Frontmatter -- $tAcknowledgements -- $tContents -- $tContributors -- $tIntroduction: The Linguistic Politeness Research Group -- $tChapter 1 Discursive approaches to politeness and impoliteness / $rMills, Sara -- $tChapter 2 "It's not what you said, it's how you said it!" Prosody and impoliteness / $rCulpeper, Jonathan -- $tChapter 3 The limits of politeness re-visited: Courtroom discourse as a case in point / $rHarris, Sandra -- $tChapter 4 "No, like proper north": Re-drawing boundaries in an emergent community of practice / $rClark, Jodie -- $tChapter 5 Frontstage and backstage: Gordon Brown, the "bigoted woman" and im/politeness in the 2010 UK General Election / $rMullany, Louise -- $tChapter 6 'First order' and 'second order' politeness: Institutional and intercultural contexts / $rGrainger, Karen -- $tChapter 7 Discursive histories, personalist ideology and judging intent: Analysing the metalinguistic discussion of Tony Blair's 'slave trade apology' / $rDavies, Bethan L. -- $tChapter 8 'Doing aphasia - Are you with me?': Analysing face-work around issues of (non-)competence / $rMerrison, Andrew John -- $tPostscript / $rKádár, Dániel Z. -- $tIndex 330 $aThis collection of essays by the Linguistic Politeness Research Group represents the results of over a decade of the group's research, discussions, seminars and conferences on the subject of linguistic politeness. The volume brings together cutting edge essays reflecting the range of discursive approaches to the analysis of politeness and impoliteness. 410 0$aMouton series in pragmatics ;$v8. 606 $aPoliteness (Linguistics) 606 $aGrammar, Comparative and general$xHonorific 610 $aDiscourse. 610 $aPoliteness. 610 $aPragmatics. 615 0$aPoliteness (Linguistics) 615 0$aGrammar, Comparative and general$xHonorific. 676 $a401/.452 686 $aES 146$2rvk 702 $aLinguistic Politeness Research Group$b , 712 02$aLinguistic Politeness Research Group. 801 0$bMiAaPQ 801 1$bMiAaPQ 801 2$bMiAaPQ 906 $aBOOK 912 $a9910781511103321 996 $aDiscursive approaches to politeness$93748183 997 $aUNINA